000 00822nas a2200265 4500
001 BR9904350
003 BR-BrBNA
005 20231205101548.0
007 ta
008 230509b bl.|||p| |||| 00| 00por d
040 _aBR-BrBNA
_bpor
_cBiblioteca Nacional de Agricultura
041 _a(Pt)
072 _aF60
100 1 _aBarbosa, T.M.L.
100 1 _aFerreira, F.A.
100 1 _aBarbosa, L.C. de A.
100 1 _aSouza, I.F. de
245 1 _aMetodo quimico de analise dos exsudatos radiculares coletados de plantas intactas de sorgo "BR 007A"
650 _aSorgo Granifero
650 _aAlelopatia
650 _aExsudato
773 0 _tCiencia e Agrotecnologia (Brazil)
_xISSN 1413-7054
_g(Oct-Dec 1998), v. 22(4) p. 490-498
_wBR9904350
909 _a202311
_bLúcia
_c55
_dLúcia Elande
942 _2AGRIS
_n0
_cANA
999 _c162549
_d162549